Subdivision capitals closest to Opole (PL) - Statistics

General Stats
  • This quiz has been taken 21 times
  • The average score is 11 of 20
Answer Stats
Distance (km) Answer % Correct
2 90 Katowice
93%
6 158 Kraków
93%
19 259 Praha
93%
1 80 Wrocław
93%
3 96 Ostrava
86%
8 163 Łódź
79%
11 189 Brno
71%
14 205 Poznań
71%
13 202 Liberec
57%
16 219 Zielona Góra
57%
4 129 Olomouc
43%
7 161 Zlín
43%
5 157 Hradec Králové
36%
20 262 Nitra
36%
10 171 Žilina
36%
17 232 Banská Bystrica
29%
9 167 Pardubice
29%
12 197 Trenčín
29%
18 256 Trnava
29%
15 219 Jihlava
21%
No matching quizzes found
Score Distribution
Percent of People with Each Score
Percentile by Number Answered
Your Score History
You have not taken this quiz